| 000 | 00427nam a2200181Ia 4500 | ||
|---|---|---|---|
| 003 | OSt | ||
| 005 | 20251120153049.0 | ||
| 008 | 250729s1983 xx 000 0 und d | ||
| 020 | _a978-8195468027 | ||
| 040 | _cAL | ||
| 041 | _aeng | ||
| 082 | _a500 SCIE | ||
| 245 | _aScience & technology education & national development | ||
| 260 |
_aFrance _c1983 |
||
| 300 | _a197p | ||
| 650 |
_aScience _9224617 |
||
| 942 |
_2ddc _cBED |
||
| 999 |
_c236500 _d236500 |
||